Lý thuyết các quá trình đúc

Những vấn đề lí thuyết cơ bản và những ví dụ áp dụng

Gespeichert in:
Bibliographische Detailangaben
1. Verfasser: I Prjibyl
Format: Buch
Sprache:Undetermined
Veröffentlicht: Hà Nội KHKT 1974
Schlagworte:
Tags: Tag hinzufügen
Keine Tags, Fügen Sie den ersten Tag hinzu!
Thư viện lưu trữ: Trung tâm Học liệu Trường Đại học Cần Thơ
LEADER 00571nam a2200181Ia 4500
001 CTU_11702
008 210402s9999 xx 000 0 und d
082 |a 671.2 
082 |b P961 
100 |a I Prjibyl 
245 0 |a Lý thuyết các quá trình đúc 
245 0 |c I Prjibyl, Lê Văn Chúc 
260 |a Hà Nội 
260 |b KHKT 
260 |c 1974 
520 |a Những vấn đề lí thuyết cơ bản và những ví dụ áp dụng 
650 |a foundries,metal-work 
980 |a Trung tâm Học liệu Trường Đại học Cần Thơ